Sistema de información para los negocios: un enfoque de toma de decisiones

Bibliographic Details
Main Author: Cohen Karen, Daniel
Format: Section = Libro
Language:Undetermined
Spanish
Published: México McGraw-Hill 2000
Edition:3a.ed.
Subjects:
LEADER 00623nam a2200205Ia 4500
008 241007s9999||||xx |||||||||||||| ||und||
020 |a 970-10-2658-6 
040 |a BIBLIOTECA-RURC/ 658.4038011 C678 
041 |a spa 
082 |a 658.4038011 C678 
100 1 |a Cohen Karen, Daniel 
245 1 0 |a Sistema de información para los negocios: un enfoque de toma de decisiones 
250 |a 3a.ed. 
260 |a México  |b McGraw-Hill  |c 2000 
300 |a 413 p. :il. 
650 7 |a SISTEMAS DE INFORMACIÓN-ADMINISTRACIÓN 
650 7 |b  TOMA DE DECISIONES. Asín Lares, Enrique. 
942 |c BK  |2 ddc 
991 |a TEXTO 
999 |c 14558